Hemos nacido para morir?

Збережено в:
Бібліографічні деталі
Автор: Pardo Fariña, Felipe (autor)
Формат: Книга
Мова:Іспанська
Опубліковано: Santiago San Pablo 2002
Редагування:2a. ed
Предмети:
Теги: Додати тег
Немає тегів, Будьте першим, хто поставить тег для цього запису!

MARC

LEADER 00000cam a2200000 a 4500
001 UCD3111
003 CL-VaPUC
008 160526e20020000cl |||||||||||||||||spa|d
020 |a 9562563278 
082 0 4 |a 179.7  |b PAR  |2 21 
100 |a Pardo Fariña, Felipe  |e autor  |9 586478 
245 1 0 |a Hemos nacido para morir? 
246 1 0 |a Grandes temas de hoy: Eutanasia. Transplantes de órganos. Resurrección de los muertos. Cielo, Purgatorio, Infierno 
250 |a 2a. ed 
300 |a 138 p 
942 |c BK 
945 |d 20160526 21:26:00  |a dcastane 
260 |a Santiago  |b San Pablo  |c 2002 
650 0 |a Eutanasia  |9 255102 
650 0 |a Aspectos religiosos  |9 257320 
650 7 |a TRANSPLANTES  |2 CL-VaPUC  |9 373580 
650 0 |a Muerte  |9 265114 
650 7 |a CIELO  |2 CL-VaPUC  |9 372243 
650 7 |a INFIERNO  |2 CL-VaPUC  |9 314403 
650 7 |a PURGATORIO  |2 CL-VaPUC  |9 346278 
583 |a last modification  |c 20160526 21:26:00  |k Rodrigo Vera 
999 |c 364175  |d 364173 
952 |0 0  |1 0  |3 erb  |4 0  |6 179_700000000000000_PAR_2002  |7 0  |8 A  |9 477119  |a BIBTEO  |b BIBTEO  |e Villagrán Garnham, Jorge  |i 5311446  |o 179.7 PAR 2002  |p 5311446  |r 2025-01-17  |w 2019-11-24  |y BK  |z Catalogado en:20160526  |k ICR